000 00533nam a22001817a 4500
005 20251108164337.0
008 250721s1996 xx 000 0 ara d
082 1 4 _a504/ثور
100 1 _aهاكينج، ايان
_eتحرير
245 1 0 _aالثورات العلمية /
264 1 _aالاسكندرية :
_bدار المعرفة الجامعية،
_c1996.
300 _a273ص
650 1 7 _aالمقالات
650 1 7 _aالعلوم
700 1 _aنفادى، السيد
_eترجمة
942 _2ddc
_cBK
999 _c9826
_d9826